00437nam a2200169 a 4500001001300000003000900013005001700022008004100039020002300080082001600103100001600119245003200135260003500167300000900202500003500211650002100246nice12345678IN_TiNIC20260116013640.0070405s1995 dela grp 000 0 eng  a8174880909 c37500a305.4bPRU5 aPruthi, Raj aIndustrialisation and Women aDelhibAnmol Publishers c1995 a276p aincludes index and biblioraphy aCatacombs-Church